[Event "Llinars del Valles op 5th"]
[Site "Llinars del Valles"]
[Date "2013.11.15"]
[Round "6"]
[White "Veciana Coronado, Pau"]
[Black "Molano Lafuente, Ismael"]
[Result "0-1"]
[WhiteElo "2056"]
[BlackElo "2122"]
[PlyCount "48"]
[EventDate "2013.10.04"]
[EventType "swiss"]
[EventRounds "8"]
[EventCountry "ESP"]
[SourceTitle "CBM 157 Extra"]
[Source "ChessBase"]
[SourceDate "2013.12.19"]
[SourceVersion "1"]
[SourceVersionDate "2013.12.19"]
[SourceQuality "1"]

1. e4 c5 2. Nf3 Nc6 3. d4 cxd4 4. Nxd4 Nf6 5. Nc3 e6 6. Ndb5 Bc5 7. Be3 Bxe3 8. fxe3 0-0 9. Qd2 Ng4 10. 0-0-0 Qg5 11. h3 Qh6 12. Re1 Nge5 13. Nc7 Rb8 14. Qd6 a6 15. Na4 Qh4 16. Bd3 Qg3 17. Kb1 Qxg2 18. Nb6 Qg5 19. Ncd5 Nxd3 20. cxd3 exd5 21. Nxd5 Qe5 22. Qa3 d6 23. Reg1 Be6 24. Nc3 Qc5 0-1

[Event "Llinars del Valles op 5th"]
[Site "Llinars del Valles"]
[Date "2013.10.04"]
[Round "1"]
[White "Bonals Roca, Anna"]
[Black "Veciana Coronado, Pau"]
[Result "0-1"]
[WhiteElo "1700"]
[BlackElo "2056"]
[PlyCount "46"]
[EventDate "2013.10.04"]
[EventType "swiss"]
[EventRounds "8"]
[EventCountry "ESP"]
[SourceTitle "CBM 157 Extra"]
[Source "ChessBase"]
[SourceDate "2013.12.19"]
[SourceVersion "1"]
[SourceVersionDate "2013.12.19"]
[SourceQuality "1"]

1. e4 c5 2. Nf3 d6 3. Bc4 Nf6 4. d3 Bg4 5. 0-0 Nc6 6. Bg5 e6 7. Nc3 Be7 8. Qd2 Bxf3 9. Rfe1 Bh5 10. f3 a6 11. Na4 b5 12. Bb3 0-0 13. Qe3 bxa4 14. Bxa4 Qb6 15. Kh1 Rab8 16. c3 Ne5 17. Re2 c4 18. Qf4 Nxd3 19. Qg3 Nxe4 20. Rxe4 Bxg5 21. Qxg5 Nf2+ 22. Kg1 Nh3+ 23. Kf1 Qf2# 0-1

[Event "Llinars del Valles Tardor op 2nd"]
[Site "Llinars del Valles"]
[Date "2010.10.22"]
[Round "6"]
[White "Cobos Navarro, Francesco"]
[Black "Veciana Coronado, Pau"]
[Result "0-1"]
[WhiteElo "1948"]
[BlackElo "1911"]
[PlyCount "61"]
[EventDate "2010.09.17"]
[EventType "swiss"]
[EventRounds "9"]
[EventCountry "ESP"]
[SourceTitle "EXT 2012"]
[Source "ChessBase"]
[SourceDate "2011.11.24"]
[SourceVersion "1"]
[SourceVersionDate "2011.11.24"]
[SourceQuality "1"]

1. e4 c5 2. Nf3 d6 3. d4 cxd4 4. Nxd4 Nf6 5. Nc3 a6 6. Bg5 e6 7. f4 Be7 8. Qf3 Nc6 9. Nxc6 bxc6 10. 0-0-0 Qc7 11. Bd3 Bb7 12. Rhe1 h6 13. Bh4 0-0 14. Kb1 c5 15. g4 Nxe4 16. Rxe4 Bxh4 17. Qh3 d5 18. Re5 g5 19. b3 c4 20. bxc4 dxc4 21. Be4 Bxe4 22. Rxe4 Rab8+ 23. Ka1 Qa5 24. Rb1 Qa3 25. Re3 gxf4 26. Qxh4 fxe3 27. Qf6 Rfd8 28. Qe5 e2 29. Rxb8 e1Q+ 30. Qxe1 Rxb8 31. Nd1 0-1